000 01042 a2200205 4500
003 Nust
005 20221007161035.0
010 _a 96015479
020 _a0471149292 (paper : acid-free paper)
040 _cNust
082 0 0 _a650.0285575,BER
100 1 _aBernard, Ryan.
_999503
245 1 4 _aThe corporate intranet :
_bcreate and manage an internal Web for your organization /
_cRyan Bernard.
260 _aNew York :
_bWiley Computer Pub.,
_cc1996.
300 _axviii, 395 p. :
_bill., maps ;
_c24 cm.
505 _aWhat Every Business Can Learn From The Internet (Page-2), A New Kind Of Information System (Page-30), The Birth Of Information Center (Page-72), The Intranet In Practice (Page-132), Toward The Paperless Office (Page-166), Harnessing The New Media (Page-210), Serving Data And Applications (Page-244), Interfacing With The Internet (Page-288), Managing The Web Explosion (Page-314).
650 0 _aBusiness enterprises
_xComputer networks.
_999504
650 0 _aIntranets (Computer networks)
_996444
942 _cREF
_2ddc
999 _c175185
_d175185